|
|
|
|
| LEADER |
01352nam a22003734a 4500 |
| 001 |
EBC181188 |
| 003 |
MiAaPQ |
| 005 |
20200520144314.0 |
| 006 |
m o d | |
| 007 |
cr cn||||||||| |
| 008 |
020722s2003 enka sb 001 0 eng |
| 010 |
|
|
|z 2002068233
|
| 020 |
|
|
|z 0700717374
|
| 035 |
|
|
|a (MiAaPQ)EBC181188
|
| 035 |
|
|
|a (Au-PeEL)EBL181188
|
| 035 |
|
|
|a (CaPaEBR)ebr10100995
|
| 035 |
|
|
|a (CaONFJC)MIL5602
|
| 035 |
|
|
|a (OCoLC)437250862
|
| 040 |
|
|
|a MiAaPQ
|c MiAaPQ
|d MiAaPQ
|
| 043 |
|
|
|a a-cb---
|
| 050 |
|
4 |
|a HC442
|b .H844 2003
|
| 082 |
0 |
4 |
|a 320.9596/09/049
|2 21
|
| 084 |
|
|
|a 83.32
|2 bcl
|
| 100 |
1 |
|
|a Hughes, Caroline.
|
| 245 |
1 |
4 |
|a The political economy of Cambodia's transition, 1991-2001
|h [electronic resource] /
|c Caroline Hughes.
|
| 260 |
|
|
|a London ;
|a New York :
|b RoutledgeCurzon,
|c 2003.
|
| 300 |
|
|
|a 260 p. :
|b ill.
|
| 504 |
|
|
|a Includes bibliographical references (p. [245]-254) and index.
|
| 533 |
|
|
|a Electronic reproduction. Ann Arbor, MI : ProQuest, 2015. Available via World Wide Web. Access may be limited to ProQuest affiliated libraries.
|
| 651 |
|
0 |
|a Cambodia
|x Economic conditions.
|
| 651 |
|
0 |
|a Cambodia
|x Politics and government
|y 1979-
|
| 655 |
|
4 |
|a Electronic books.
|
| 710 |
2 |
|
|a ProQuest (Firm)
|
| 856 |
4 |
0 |
|u https://ebookcentral.proquest.com/lib/matrademy/detail.action?docID=181188
|z Click to View
|